Seis cuentos del escritor danés Hans Christian Andersen (Record no. 23734)
[ view plain ]
| 000 -LEADER | |
|---|---|
| campo de control de longitud fija | 00704nam a2200169 i 4500 |
| 001 - NÚMERO DE CONTROL | |
| campo de control | 23734 |
| 003 - IDENTIFICADOR DE NÚMERO DE CONTROL | |
| campo de control | ES-MaACL |
| 005 - FECHA Y HORA DE LA ÚLTIMA TRANSACCIÓN | |
| campo de control | 20230906152927.0 |
| 007 - CAMPO FIJO DE DESCRIPCIÓN FÍSICA--INFORMACIÓN GENERAL | |
| campo de control de longitud fija | t| |
| 008 - DATOS DE LONGITUD FIJA--INFORMACIÓN GENERAL | |
| campo de control de longitud fija | 021212s1955 dk a |||| | spa d |
| 100 1# - ENTRADA PRINCIPAL--NOMBRE DE PERSONA | |
| Nombre de persona | Andersen, Hans Christian. |
| 9 (RLIN) | 21434 |
| 245 10 - MENCIÓN DEL TÍTULO | |
| Título | Seis cuentos del escritor danés Hans Christian Andersen |
| Resto del título | : editados en ocasión del 150 aniversario de su nacimiento / |
| Mención de responsabilidad, etc. | Hans Christian Andersen ; ilustraciones de Vilhem Pedersen. |
| 260 ## - PUBLICACIÓN, DISTRIBUCIÓN, ETC. | |
| Lugar de publicación, distribución, etc. | Copenhague : |
| Nombre del editor, distribuidor, etc. | [Consejo de Coordinación de la Labor Cultural Danesa en el Extranjero] : |
| -- | Berlingske Begtrykkeri, |
| Fecha de publicación, distribución, etc. | 1955. |
| 300 ## - DESCRIPCIÓN FÍSICA | |
| Extensión | 71 p. : |
| Otras características físicas | retr. aut. ; |
| Dimensiones | 21 cm. |
| 700 1# - ENTRADA AGREGADA--NOMBRE PERSONAL | |
| Nombre de persona | Pedersen, Vilhelm. |
| 9 (RLIN) | 89873 |
| 852 ## - LOCALIZACIÓN | |
| Ubicación | ES-MaACL |
| Número de control de estantería | 1988-F-16 |
| Estatus retirado | Estado de pérdida | Estado de daño | No para préstamo | Colección | Biblioteca de origen | Biblioteca actual | Ubicación en estantería | Fecha de adquisición | Fuente de adquisición | Total de préstamos | Signatura topográfica completa | Código de barras | Visto por última vez | Precio de reemplazo | Tipo de ítem Koha |
|---|---|---|---|---|---|---|---|---|---|---|---|---|---|---|---|
| Colección de folletos | Biblioteca del Ateneo de Madrid | Biblioteca del Ateneo de Madrid | Depósito folletos | 17/01/2008 | 1988-F-16 | 1024458 | 23/02/2023 | 23/02/2023 | Folleto |
